000 00591cam a2200145 4500500
005 20260208010540.0
041 _afre
042 _adc
100 1 0 _aLassègue, Monique
_eauthor
245 0 0 _aJoachim Lacrosse, La philosophie de Plotin. Intellect et discursivité, Paris, PUF, 2003, coll. « Thémis-Philosophie », 276 p.
260 _c2005.
500 _a33
786 0 _nRevue philosophique de la France et de l'étranger | 130 | 1 | 2005-03-01 | p. 77zm-130zm | 0035-3833
856 4 1 _uhttps://shs.cairn.info/revue-philosophique-2005-1-page-77zm?lang=fr&redirect-ssocas=7080
999 _c1657080
_d1657080